000 00730nam a22002297a 4500
003 UA-OsUOA
001 133679
007 ta
008 20181029b un ||||| |||| 00| 0 ukr d
100 _aДроб'язко С. І.
700 _aМельникова Ю. І.
090 _a330(477)
_bД75
942 _cSA
040 _aUA-OsUOA
_bukr
_cUA-OsUOA
_dUA-OsUOA
245 _aОсобливості розвитку страхового ринку як сегменту фінансового ринку
300 _aС.21-26
955 _a0
041 _aukr
080 _a330(477)
773 0 _w133677
_tЕкономіка. Фінанси. Право.
_dК.
_d2018
_g9
650 7 _a330 Економіка взагалі
_2UDC
999 _c422601
_d422601